Alt-Form: (Record no. 609529)

000 -LEADER
fixed length control field 02446 a2200301 i 4500
001 - CONTROL NUMBER
control field 265283511
003 - CONTROL NUMBER IDENTIFIER
control field MePoLT
005 - DATE AND TIME OF LATEST TRANSACTION
control field 20240607120711.0
008 - FIXED-LENGTH DATA ELEMENTS--GENERAL INFORMATION
fixed length control field 240606b ||||| |||| 00| 0 eng d
020 ## - INTERNATIONAL STANDARD BOOK NUMBER
International Standard Book Number 9781119748793
038 ## - RECORD CONTENT LICENSOR
Staff Name Malang Jan
040 ## - CATALOGING SOURCE
Original cataloging agency MePoLT
Transcribing agency MePoLT
Description conventions rda
082 ## - DEWEY DECIMAL CLASSIFICATION NUMBER
Classification number 720.47
Author Mark ALT
090 #4 - LOCALLY ASSIGNED LC-TYPE CALL NUMBER (OCLC); LOCAL CALL NUMBER (RLIN)
Classification number (OCLC) (R) ; Classification number, CALL (RLIN) (NR) NA2500.A484
245 00 - TITLE STATEMENT
Title Alt-Form:
Linkage Indeterminacy and Disorder/
Statement of responsibility, etc. edited by Viola Ago
264 #1 - PRODUCTION, PUBLICATION, DISTRIBUTION, MANUFACTURE, AND COPYRIGHT NOTICE
Place of production, publication, distribution, manufacture London:
Name of producer, publisher, distributor, manufacturer John Wiley & Sons;
Date of production, publication, distribution, manufacture, or copyright notice 2022.
300 ## - PHYSICAL DESCRIPTION
Extent 128p.:
Other physical details ill;
Dimensions 27cm.
440 10 - SERIES STATEMENT/ADDED ENTRY--TITLE
Title Architectural design
9 (RLIN) 33235
490 10 - SERIES STATEMENT
Series statement Architectural design
Volume/sequential designation vol:92,no:02
505 ## - FORMATTED CONTENTS NOTE
Formatted contents note Introduction. Embracing Uncertainty : How Policies Shape the World / Viola Ago -- Articles. Chaos, Creativity, Change : The Cybernetic Logic of Late Capitalism / Andrew Culp -- Architectonisation : The Spatio-Temporal Rhythms of Contemporary Sculptural Practices / Suzanne Cotter -- Kombinat : The Unseen and Their Architectural Oddkins / Dorina Pllumbi -- Painterly, Misfit and Redundant : Challenging Precision and Optimisation with Scavenging / Faysal Tabbarah -- Moving Pictures : Three Installations for Public Life / Jennifer Newsom -- Heavyweight : Undermining Power Structures Through Spatial Destabilisation and Force Simulation / Jeffrey Halstead -- Rude Forms Among Us : Contemporary Construction of Prehistoric Ruins / Anna Neimark -- 'Strange Networks' : Inhabiting the Boundary Condition A Conversation with Thom Mayne / Viola Ago -- Chromophobia in the 'Smart' City / Carolyn L Kane -- Images of Former Futures and Reformations / Dalena Tran -- Rendering Representational Atmosphere Appropriating Formalisms Around Invisible Objects in Film / Carl Lostritto -- Signature Urbanism : Shaping Subperceptual Forms for the New Multispectral City / Ersela Kripa, Stephen Mueller -- Rebellious Architecture : Bayou ReconstructedV Mitch McEwen, Kristina Kay Robinson -- An Aesthetic of Collapse : Alternative Form, Disorder and Indeterminacy A Conversation with Jack Halberstam / Viola Ago -- From Another Perspective. Sculpting the Forest of Symbols Nick Ervinck / Neil Spiller.
520 ## - SUMMARY, ETC.
Summary, etc. Alt-Form: Indeterminacy and Disorder (Architectural Design) by Viola Ago (2022)
650 ## - SUBJECT ADDED ENTRY--TOPICAL TERM
Topical term or geographic name entry element Architectural design
9 (RLIN) 31720
650 ## - SUBJECT ADDED ENTRY--TOPICAL TERM
Topical term or geographic name entry element Form (Aesthetics)
9 (RLIN) 33475
650 ## - SUBJECT ADDED ENTRY--TOPICAL TERM
Topical term or geographic name entry element Design architectural
9 (RLIN) 123195
700 1# - ADDED ENTRY--PERSONAL NAME
Personal name Ago,Viola
9 (RLIN) 123300
942 ## - ADDED ENTRY ELEMENTS (KOHA)
Source of classification or shelving scheme
Koha item type Book
Holdings
Withdrawn status Lost status Source of classification or shelving scheme Damaged status Not for loan Permanent Location Current Location Date acquired Source of acquisition Full call number Barcode Date last seen Copy number Cost, replacement price Price effective from Koha item type
          School of Art Design and Architecture (SADA) School of Art Design and Architecture (SADA) 06/03/2024 Golden Books 720.47 ALT 2022 SADA0003036 06/06/2024 01 9967.50 06/06/2024 Book
© 2023 Central Library, National University of Sciences and Technology. All Rights Reserved.